[Event "2nd Gujarat Open 2019"]
[Site "Ahmedabad, Gujarat"]
[Date "2019.09.28"]
[Round "9.12"]
[White "Hesham, Abdelrahman"]
[Black "Shailesh, Dravid"]
[Result "1-0"]
[WhiteElo "2396"]
[BlackElo "2299"]
[Annotator "NA"]
[PlyCount "137"]
[EventDate "2019.09.22"]
[EventType "swiss"]
[EventCountry "IND"]
[SourceTitle "playchess.com"]
[Source "ChessBase"]
[SourceQuality "1"]
[TimeControl "5400+30"]

1. d4 {[%emt 0:00:00]} Nf6 {[%emt 0:00:00]} 2. Bf4 {[%emt 0:00:00]} e6 {[%emt 0:00:47]} 3. Nf3 {[%emt 0:00:00]} c5 {[%emt 0:00:08]} 4. e3 {[%emt 0:00:00]} Nc6 {[%emt 0:00:11]} 5. Nbd2 {[%emt 0:00:52]} Be7 {[%emt 0:01:24]} 6. h3 {[%emt 0:00:18]} O-O {[%emt 0:01:22]} 7. c3 {[%emt 0:00:19]} b6 {[%emt 0:00:31]} 8. Bd3 {[%emt 0:01:05]} Bb7 {[%emt 0:00:58]} 9. e4 {[%emt 0:04:49]} cxd4 {[%emt 0:00:33]} 10. cxd4 {[%emt 0:00:39]} Nb4 {[%emt 0:01:36]} 11. Bb1 {[%emt 0:01:05]} Ba6 {[%emt 0:01:09]} 12. Nb3 {[%emt 0:00:12]} d5 {[%emt 0:01:50]} 13. e5 {[%emt 0:00:07]} Ne4 {[%emt 0:00:18]} 14. a3 {[%emt 0:00:11]} Nc6 {[%emt 0:01:48]} 15. Nbd2 {[%emt 0:03:08]} f5 {[%emt 0:05:27]} 16. exf6 {[%emt 0:00:38]} Bxf6 {[%emt 0:03:00]} 17. Qa4 {[%emt 0:12:02]} Nxd2 {[%emt 0:15:45]} 18. Bxd2 {[%emt 0:03:17]} Qc8 {[%emt 0:00:54]} 19. Bc3 {[%emt 0:02:53]} e5 {[%emt 0:07:16]} 20. dxe5 {[%emt 0:05:08]} Nxe5 {[%emt 0:02:29]} 21. Nxe5 {[%emt 0:00:12]} Bxe5 {[%emt 0:00:08]} 22. Bxh7+ {[%emt 0:00:10]} Kxh7 {[%emt 0:00:59]} 23. Bxe5 {[%emt 0:00:08]} Re8 {[%emt 0:08:02]} 24. Qh4+ {[%emt 0:01:55]} Kg8 {[%emt 0:01:01]} 25. Qg5 {[%emt 0:00:11]} Rxe5+ {[%emt 0:03:48]} 26. Qxe5 {[%emt 0:00:05]} Qc6 {[%emt 0:00:30]} 27. Kd2 {[%emt 0:04:06]} Re8 {[%emt 0:01:34]} 28. Qc3 {[%emt 0:03:58]} Qh6+ {[%emt 0:04:42]} 29. Kd1 {[%emt 0:01:17]} Be2+ {[%emt 0:01:25]} 30. Kc2 {[%emt 0:00:35]} Qg6+ {[%emt 0:01:49]} 31. Kd2 {[%emt 0:01:09]} Qg5+ {[%emt 0:00:08]} 32. Kc2 {[%emt 0:00:55]} Qf5+ {[%emt 0:00:05]} 33. Kd2 {[%emt 0:00:41]} Qxf2 {[%emt 0:02:46]} 34. Kc1 {[%emt 0:03:25]} d4 {[%emt 0:07:51]} 35. Qb3+ {[%emt 0:02:07]} Kh8 {[%emt 0:00:10]} 36. Kb1 {[%emt 0:00:43]} Rc8 {[%emt 0:00:52]} 37. g4 {[%emt 0:00:48]} Qh4 {[%emt 0:10:28]} 38. Ra2 {[%emt 0:04:14]} Qh7+ {[%emt 0:03:47]} 39. Ka1 {[%emt 0:00:11]} Qh6 {[%emt 0:00:09]} 40. Rb1 {[%emt 0:00:16]} d3 {[%emt 0:03:54]} 41. Qb5 {[%emt 0:01:52]} Qe6 {[%emt 0:02:49]} 42. b3 {[%emt 0:00:35]} Rc5 {[%emt 0:02:54]} 43. Qb4 {[%emt 0:01:44]} Qf6+ {[%emt 0:00:23]} 44. Rab2 {[%emt 0:00:10]} a5 {[%emt 0:00:30]} 45. Qe4 {[%emt 0:00:30]} Qc3 {[%emt 0:01:25]} 46. Ka2 {[%emt 0:01:02]} Re5 {[%emt 0:00:10]} 47. Qf4 {[%emt 0:01:11]} Rd5 {[%emt 0:01:23]} 48. Rc1 {[%emt 0:00:15]} Qe5 {[%emt 0:01:41]} 49. Qxe5 {[%emt 0:03:17]} Rxe5 {[%emt 0:00:01]} 50. Rc6 {[%emt 0:00:10]} b5 {[%emt 0:00:34]} 51. Rd2 {[%emt 0:00:22]} b4 {[%emt 0:00:47]} 52. Rc4 {[%emt 0:00:54]} Rb5 {[%emt 0:00:10]} 53. h4 {[%emt 0:01:20]} Kh7 {[%emt 0:00:17]} 54. Kb2 {[%emt 0:00:05]} Kg6 {[%emt 0:00:10]} 55. axb4 {[%emt 0:00:20]} axb4 {[%emt 0:00:03]} 56. Kc1 {[%emt 0:00:13]} Ra5 {[%emt 0:01:01]} 57. Rxb4 {[%emt 0:00:16]} Ra1+ {[%emt 0:00:10]} 58. Kb2 {[%emt 0:00:04]} Rh1 {[%emt 0:00:30]} 59. g5 {[%emt 0:00:30]} Kh5 {[%emt 0:00:00]} 60. Kc3 {[%emt 0:01:11]} Rc1+ {[%emt 0:00:15]} 61. Kb2 {[%emt 0:00:30]} Rh1 {[%emt 0:00:18]} 62. Rd4 {[%emt 0:00:01]} Rxh4 {[%emt 0:00:24]} 63. Rxh4+ {[%emt 0:00:06]} Kxh4 {[%emt 0:00:03]} 64. b4 {[%emt 0:00:12]} Kxg5 {[%emt 0:00:03]} 65. b5 {[%emt 0:00:05]} Kf4 {[%emt 0:01:49]} 66. b6 {[%emt 0:00:04]} Bf3 {[%emt 0:00:02]} 67. Rxd3 {[%emt 0:00:53]} Bc6 {[%emt 0:00:30]} 68. Rd6 {[%emt 0:00:05]} Bh1 {[%emt 0:00:34]} 69. Rg6 {[%emt 0:00:08]} 1-0

[Event "2nd Gujarat Open 2019"]
[Site "Ahmedabad, Gujarat"]
[Date "2019.09.28"]
[Round "9.13"]
[White "Srihari L R"]
[Black "Eraschenkov, Denis"]
[Result "1/2-1/2"]
[WhiteElo "2283"]
[BlackElo "2390"]
[Annotator "NA"]
[PlyCount "61"]
[EventDate "2019.09.22"]
[EventType "swiss"]
[EventCountry "IND"]
[SourceTitle "playchess.com"]
[Source "ChessBase"]
[SourceQuality "1"]
[TimeControl "5400+30"]

1. d4 {[%emt 0:00:00]} Nf6 {[%emt 0:00:00]} 2. c4 {[%emt 0:00:03]} g6 {[%emt 0:00:00]} 3. Nc3 {[%emt 0:00:09]} Bg7 {[%emt 0:00:05]} 4. e4 {[%emt 0:00:07]} O-O {[%emt 0:00:13]} 5. h3 {[%emt 0:00:36]} c6 {[%emt 0:00:11]} 6. Bd3 {[%emt 0:00:59]} d5 {[%emt 0:01:28]} 7. cxd5 {[%emt 0:02:04]} cxd5 {[%emt 0:00:17]} 8. e5 {[%emt 0:00:09]} Ne8 {[%emt 0:01:31]} 9. Nge2 {[%emt 0:08:11]} f6 {[%emt 0:07:10]} 10. f4 {[%emt 0:02:59]} fxe5 {[%emt 0:04:41]} 11. fxe5 {[%emt 0:05:03]} Nc6 {[%emt 0:00:17]} 12. Be3 {[%emt 0:05:39]} Nc7 {[%emt 0:09:05]} 13. Qd2 {[%emt 0:06:02]} Bf5 {[%emt 0:03:09]} 14. Bxf5 {[%emt 0:08:55]} Rxf5 {[%emt 0:00:17]} 15. h4 {[%emt 0:00:18]} Qd7 {[%emt 0:01:42]} 16. O-O-O {[%emt 0:05:02]} Raf8 {[%emt 0:25:34]} 17. Ng3 {[%emt 0:08:10]} R5f7 {[%emt 0:00:16]} 18. h5 {[%emt 0:00:37]} Qg4 {[%emt 0:02:05]} 19. Nce2 {[%emt 0:06:14]} gxh5 {[%emt 0:03:53]} 20. Rxh5 {[%emt 0:02:25]} Ne6 {[%emt 0:04:42]} 21. Kb1 {[%emt 0:05:21]} Rf1 {[%emt 0:02:22]} 22. Nxf1 {[%emt 0:04:32]} Qxh5 {[%emt 0:00:10]} 23. Nfg3 {[%emt 0:00:05]} Qg6+ {[%emt 0:01:59]} 24. Qd3 {[%emt 0:03:39]} Qxd3+ {[%emt 0:03:14]} 25. Rxd3 {[%emt 0:00:06]} Kf7 {[%emt 0:05:20]} 26. Rd1 {[%emt 0:02:47]} Na5 {[%emt 0:05:50]} 27. b3 {[%emt 0:01:18]} Nc6 {[%emt 0:00:17]} 28. Rh1 {[%emt 0:01:07]} Kg8 {[%emt 0:00:09]} 29. a3 {[%emt 0:01:07]} Rf7 {[%emt 0:01:11]} 30. Rh5 {[%emt 0:00:54]} Nf8 {[%emt 0:01:34]} 31. Ng1 1/2-1/2

[Event "2nd Gujarat Open 2019"]
[Site "Ahmedabad, Gujarat"]
[Date "2019.09.28"]
[Round "9.14"]
[White "Vlassov, Nikolai"]
[Black "Lakshmi Narayanan M V"]
[Result "0-1"]
[WhiteElo "2384"]
[BlackElo "2188"]
[Annotator "NA"]
[PlyCount "122"]
[EventDate "2019.09.22"]
[EventType "swiss"]
[EventCountry "IND"]
[SourceTitle "playchess.com"]
[Source "ChessBase"]
[SourceQuality "1"]
[TimeControl "5400+30"]

1. e4 {[%emt 0:00:00]} e5 {[%emt 0:00:00]} 2. Bc4 {[%emt 0:00:00]} Nf6 {[%emt 0:00:03]} 3. d3 {[%emt 0:00:00]} c6 {[%emt 0:00:37]} 4. Nf3 {[%emt 0:00:00]} d5 {[%emt 0:00:35]} 5. Bb3 {[%emt 0:00:00]} Bg4 {[%emt 0:01:35]} 6. h3 {[%emt 0:00:27]} Bxf3 {[%emt 0:01:02]} 7. Qxf3 {[%emt 0:00:02]} dxe4 {[%emt 0:01:38]} 8. dxe4 {[%emt 0:00:03]} Nbd7 {[%emt 0:01:45]} 9. Nc3 {[%emt 0:05:45]} Bc5 {[%emt 0:05:58]} 10. g4 {[%emt 0:02:16]} h6 {[%emt 0:08:25]} 11. h4 {[%emt 0:02:04]} Nf8 {[%emt 0:08:06]} 12. Bd2 {[%emt 0:01:46]} Qd7 {[%emt 0:03:18]} 13. Rg1 {[%emt 0:00:06]} Ne6 {[%emt 0:03:20]} 14. O-O-O {[%emt 0:02:32]} Nd4 {[%emt 0:02:37]} 15. Qg3 {[%emt 0:02:10]} Qe7 {[%emt 0:01:08]} 16. g5 {[%emt 0:01:05]} Nxe4 {[%emt 0:02:08]} 17. Qg2 {[%emt 0:09:45]} Nxd2 {[%emt 0:03:28]} 18. Rxd2 {[%emt 0:00:29]} O-O-O {[%emt 0:01:28]} 19. Ne4 {[%emt 0:05:20]} hxg5 {[%emt 0:03:33]} 20. hxg5 {[%emt 0:00:41]} f5 {[%emt 0:01:25]} 21. gxf6 {[%emt 0:00:23]} gxf6 {[%emt 0:00:31]} 22. Bc4 {[%emt 0:03:13]} f5 {[%emt 0:04:07]} 23. Ng5 {[%emt 0:00:55]} Bb4 {[%emt 0:03:18]} 24. Rdd1 {[%emt 0:16:44]} Qc5 {[%emt 0:03:01]} 25. Qf1 {[%emt 0:00:32]} b5 {[%emt 0:09:34]} 26. c3 {[%emt 0:13:03]} Qxc4 {[%emt 0:01:53]} 27. Qxc4 {[%emt 0:00:08]} bxc4 {[%emt 0:00:15]} 28. cxd4 {[%emt 0:00:04]} Rxd4 {[%emt 0:01:20]} 29. Nf7 {[%emt 0:00:08]} Re8 {[%emt 0:02:18]} 30. Rg5 {[%emt 0:00:34]} Rf4 {[%emt 0:02:00]} 31. a3 {[%emt 0:01:23]} Bc5 {[%emt 0:00:13]} 32. Nd6+ {[%emt 0:00:04]} Bxd6 {[%emt 0:00:11]} 33. Rxd6 {[%emt 0:00:03]} Kc7 {[%emt 0:00:50]} 34. Rf6 {[%emt 0:03:21]} Rxf2 {[%emt 0:00:50]} 35. Rgxf5 {[%emt 0:00:17]} Rxf5 {[%emt 0:00:23]} 36. Rxf5 {[%emt 0:00:02]} Kd6 {[%emt 0:00:35]} 37. Kd2 {[%emt 0:00:14]} Rb8 {[%emt 0:00:59]} 38. Kc2 {[%emt 0:02:14]} Rb7 {[%emt 0:00:23]} 39. Rf8 {[%emt 0:00:57]} Re7 {[%emt 0:01:40]} 40. Kc3 {[%emt 0:00:46]} Rb7 {[%emt 0:01:23]} 41. Rd8+ {[%emt 0:04:55]} Kc5 {[%emt 0:00:18]} 42. Re8 {[%emt 0:02:33]} Rb3+ {[%emt 0:00:21]} 43. Kc2 {[%emt 0:00:01]} Re3 {[%emt 0:00:58]} 44. Kd2 {[%emt 0:00:23]} Rd3+ {[%emt 0:00:10]} 45. Kc2 {[%emt 0:00:02]} Kd4 {[%emt 0:01:56]} 46. Rd8+ {[%emt 0:01:45]} Ke3 {[%emt 0:00:39]} 47. Ra8 {[%emt 0:00:11]} Rd7 {[%emt 0:00:51]} 48. Kc3 {[%emt 0:00:33]} e4 {[%emt 0:00:22]} 49. Rc8 {[%emt 0:02:41]} Kf2 {[%emt 0:01:01]} 50. Rxc6 {[%emt 0:02:01]} e3 {[%emt 0:00:09]} 51. Rf6+ {[%emt 0:00:22]} Ke1 {[%emt 0:00:18]} 52. Kxc4 {[%emt 0:01:12]} Kd2 {[%emt 0:00:13]} 53. b4 {[%emt 0:01:25]} e2 {[%emt 0:00:15]} 54. Re6 {[%emt 0:00:08]} Rd3 {[%emt 0:02:07]} 55. Rxe2+ {[%emt 0:00:11]} Kxe2 {[%emt 0:00:06]} 56. a4 {[%emt 0:00:04]} Ke3 {[%emt 0:00:14]} 57. a5 {[%emt 0:01:10]} Ke4 {[%emt 0:00:29]} 58. b5 {[%emt 0:00:53]} Rd1 {[%emt 0:03:22]} 59. Kc5 {[%emt 0:01:09]} Rc1+ {[%emt 0:00:16]} 60. Kd6 {[%emt 0:00:06]} Ra1 {[%emt 0:00:27]} 61. a6 {[%emt 0:00:31]} Rc1 0-1

[Event "2nd Gujarat Open 2019"]
[Site "Ahmedabad, Gujarat"]
[Date "2019.09.28"]
[Round "9.15"]
[White "Liyanage, Ranindu Dilshan"]
[Black "Sidhant, Mohapatra"]
[Result "1/2-1/2"]
[WhiteElo "1956"]
[BlackElo "2357"]
[Annotator "NA"]
[PlyCount "102"]
[EventDate "2019.09.22"]
[EventType "swiss"]
[EventCountry "IND"]
[SourceTitle "playchess.com"]
[Source "ChessBase"]
[SourceQuality "1"]
[TimeControl "5400+30"]

1. e4 c5 2. Nf3 e6 3. d4 cxd4 4. Nxd4 Nc6 5. Nc3 Qc7 6. g3 a6 7. Bg2 Nf6 8. O-O h5 9. Nf3 d6 10. Re1 Ng4 11. h3 Nge5 12. Nxe5 dxe5 13. Be3 Be7 14. Na4 b5 15. Nb6 Rb8 16. Nxc8 Rxc8 17. c3 h4 18. Qg4 Kf8 19. b4 g6 20. a4 Kg7 21. f4 hxg3 22. f5 Rh4 23. Qxg3 Rf4 24. Bxf4 exf4 25. Qg4 Ne5 26. Qxf4 Qxc3 27. Rf1 Nd3 28. Qf3 Qd4+ 29. Kh1 Bd6 30. fxg6 f5 31. h4 Qe5 32. Qh3 Rc3 33. Bf3 Nf4 34. Qg3 fxe4 35. Rae1 Qd5 36. Rd1 Nd3 37. Qg5 Qxg5 38. hxg5 exf3 39. Rxf3 Nb2 40. Rxc3 Nxd1 41. Rc6 Bxb4 42. Rxa6 bxa4 43. Rxa4 Bc3 44. Ra6 Nf2+ 45. Kg2 Nd3 46. Kg3 Nc5 47. Rc6 Bd4 48. Kf4 Kxg6 49. Rd6 Bg1 50. Rc6 Nd3+ 51. Ke4 Nc5+ 1/2-1/2

[Event "2nd Gujarat Open 2019"]
[Site "Ahmedabad, Gujarat"]
[Date "2019.09.28"]
[Round "9.16"]
[White "Rathnakaran, K.."]
[Black "Pandey Srishti"]
[Result "1/2-1/2"]
[WhiteElo "2325"]
[BlackElo "1928"]
[Annotator "NA"]
[PlyCount "124"]
[EventDate "2019.09.22"]
[EventType "swiss"]
[EventCountry "IND"]
[SourceTitle "playchess.com"]
[Source "ChessBase"]
[SourceQuality "1"]
[TimeControl "5400+30"]

1. e4 {[%emt 0:00:00]} Nf6 {[%emt 0:00:00]} 2. d3 {[%emt 0:00:00]} e5 {[%emt 0:00:00]} 3. c4 {[%emt 0:00:00]} d6 {[%emt 0:00:19]} 4. Nc3 {[%emt 0:00:00]} g6 {[%emt 0:00:03]} 5. Be2 {[%emt 0:00:01]} Bg7 {[%emt 0:00:03]} 6. h4 {[%emt 0:00:21]} h5 {[%emt 0:01:21]} 7. Bg5 {[%emt 0:00:05]} Be6 {[%emt 0:00:50]} 8. Qb3 {[%emt 0:00:13]} Qc8 {[%emt 0:02:32]} 9. Nf3 {[%emt 0:00:05]} Nbd7 {[%emt 0:00:17]} 10. d4 {[%emt 0:01:13]} exd4 {[%emt 0:01:24]} 11. Nxd4 {[%emt 0:00:06]} Nc5 {[%emt 0:00:30]} 12. Qc2 {[%emt 0:00:06]} Ng4 {[%emt 0:06:51]} 13. Rd1 {[%emt 0:02:25]} a5 {[%emt 0:04:24]} 14. Nd5 {[%emt 0:07:51]} Bxd5 {[%emt 0:00:43]} 15. cxd5 {[%emt 0:00:06]} O-O {[%emt 0:00:24]} 16. f3 {[%emt 0:00:38]} Nh6 {[%emt 0:01:24]} 17. Qc1 {[%emt 0:02:44]} Kh7 {[%emt 0:00:57]} 18. g4 {[%emt 0:00:28]} f5 {[%emt 0:06:25]} 19. exf5 {[%emt 0:05:17]} gxf5 {[%emt 0:00:36]} 20. Bxh6 {[%emt 0:01:13]} Bxh6 {[%emt 0:00:51]} 21. Qc2 {[%emt 0:00:04]} Qe8 {[%emt 0:07:47]} 22. Nxf5 {[%emt 0:07:53]} Qg6 {[%emt 0:00:09]} 23. Rd4 {[%emt 0:07:12]} Rae8 {[%emt 0:07:11]} 24. Kd1 {[%emt 0:00:38]} Bg7 {[%emt 0:09:22]} 25. Bb5 {[%emt 0:05:47]} Bxd4 {[%emt 0:07:01]} 26. Bxe8 {[%emt 0:00:10]} Rxe8 {[%emt 0:00:03]} 27. gxh5 {[%emt 0:10:40]} Qxh5 {[%emt 0:01:51]} 28. Nxd4+ {[%emt 0:00:08]} Kh8 {[%emt 0:00:28]} 29. Rg1 {[%emt 0:02:08]} Re4 {[%emt 0:11:23]} 30. Qd2 {[%emt 0:22:43]} Rxh4 {[%emt 0:03:07]} 31. Ne2 {[%emt 0:11:59]} Qxf3 {[%emt 0:08:15]} 32. Qg5 {[%emt 0:02:00]} Qd3+ {[%emt 0:00:13]} 33. Kc1 {[%emt 0:00:57]} Rc4+ {[%emt 0:00:47]} 34. Nc3 {[%emt 0:00:05]} Rxc3+ {[%emt 0:00:07]} 35. bxc3 {[%emt 0:00:03]} Qxc3+ {[%emt 0:00:05]} 36. Kd1 {[%emt 0:00:24]} Qd4+ {[%emt 0:01:28]} 37. Ke1 {[%emt 0:03:25]} Qc3+ {[%emt 0:06:49]} 38. Qd2 {[%emt 0:01:05]} Ne4 {[%emt 0:00:01]} 39. Qxc3+ {[%emt 0:01:00]} Nxc3 {[%emt 0:00:01]} 40. Kd2 {[%emt 0:00:06]} Nxd5 {[%emt 0:01:01]} 41. Kd3 {[%emt 0:00:09]} Nb4+ {[%emt 0:03:43]} 42. Ke4 {[%emt 0:00:07]} Nxa2 {[%emt 0:00:38]} 43. Kf5 {[%emt 0:00:49]} Kh7 {[%emt 0:00:10]} 44. Ra1 {[%emt 0:02:42]} Nb4 {[%emt 0:00:29]} 45. Rxa5 {[%emt 0:00:04]} Nc6 46. Ra1 Nd4+ {[%emt 0:03:10]} 47. Kf6 {[%emt 0:00:36]} c6 {[%emt 0:05:19]} 48. Rg1 {[%emt 0:03:16]} c5 {[%emt 0:01:05]} 49. Rg7+ {[%emt 0:00:30]} Kh6 {[%emt 0:00:03]} 50. Rxb7 {[%emt 0:00:18]} Kh5 {[%emt 0:00:37]} 51. Rg7 {[%emt 0:00:36]} Kh4 {[%emt 0:01:08]} 52. Rg1 {[%emt 0:00:42]} Kh3 {[%emt 0:01:01]} 53. Ke7 {[%emt 0:01:00]} c4 {[%emt 0:01:04]} 54. Rc1 {[%emt 0:01:38]} d5 {[%emt 0:00:27]} 55. Kd6 {[%emt 0:00:17]} Ne2 {[%emt 0:00:24]} 56. Rc2 {[%emt 0:00:37]} Nf4 {[%emt 0:00:22]} 57. Ke5 {[%emt 0:00:08]} Kg3 {[%emt 0:00:43]} 58. Rc3+ {[%emt 0:00:27]} Kg4 {[%emt 0:00:06]} 59. Ra3 {[%emt 0:00:15]} Ne2 {[%emt 0:00:53]} 60. Re3 {[%emt 0:00:45]} Nf4 {[%emt 0:00:21]} 61. Kd4 {[%emt 0:00:40]} Kf5 {[%emt 0:00:43]} 62. Re8 {[%emt 0:00:16]} Ne6+ {[%emt 0:00:09]} 1/2-1/2

[Event "2nd Gujarat Open 2019"]
[Site "Ahmedabad, Gujarat"]
[Date "2019.09.28"]
[Round "9.17"]
[White "Kishan, Gangolli"]
[Black "Murshed, Niaz"]
[Result "0-1"]
[WhiteElo "2089"]
[BlackElo "2405"]
[Annotator "ChessBase"]
[PlyCount "44"]
[EventDate "2019.09.22"]
[EventType "swiss"]
[EventCountry "IND"]
[SourceTitle "playchess.com"]
[Source "ChessBase"]
[SourceQuality "1"]
[TimeControl "5400+30"]

1. d4 {[%emt 0:00:00]} g6 {[%emt 0:00:00]} 2. c4 {[%emt 0:00:06]} Bg7 {[%emt 0:00:00]} 3. Nc3 {[%emt 0:00:55]} d6 {[%emt 0:00:05]} 4. e4 {[%emt 0:00:19]} Nc6 {[%emt 0:00:24]} 5. Be3 {[%emt 0:03:08]} e5 {[%emt 0:00:13]} 6. Nge2 {[%emt 0:07:19]} exd4 {[%emt 0:00:21]} 7. Nxd4 {[%emt 0:00:12]} Nge7 {[%emt 0:00:04]} 8. g3 {[%emt 0:03:01]} O-O {[%emt 0:12:01]} 9. Bg2 {[%emt 0:01:03]} Ne5 {[%emt 0:01:49]} 10. Qe2 {[%emt 0:08:46]} c5 {[%emt 0:04:29]} 11. Nc2 {[%emt 0:05:33]} Be6 {[%emt 0:20:05]} 12. Nd5 {[%emt 0:08:06]} b5 {[%emt 0:08:19]} 13. cxb5 {[%emt 0:10:35]} Nxd5 {[%emt 0:00:50]} 14. exd5 {[%emt 0:00:07]} Bf5 {[%emt 0:09:22]} 15. Rd1 {[%emt 0:23:08]} Qa5+ {[%emt 0:03:03]} 16. Qd2 {[%emt 0:08:12]} Qxb5 {[%emt 0:06:53]} 17. Na3 {[%emt 0:01:46]} Qa6 {[%emt 0:01:21]} 18. Qe2 {[%emt 0:03:03]} Bd3 {[%emt 0:00:21]} 19. Qd2 {[%emt 0:00:40]} Rab8 {[%emt 0:02:22]} 20. b3 {[%emt 0:03:54]} Qxa3 {[%emt 0:01:12]} 21. f4 {[%emt 0:00:08]} Ng4 {[%emt 0:00:05]} 22. Qxd3 {[%emt 0:01:51]} Nxe3 {[%emt 0:00:49]} 0-1

[Event "2nd Gujarat Open 2019"]
[Site "Ahmedabad, Gujarat"]
[Date "2019.09.28"]
[Round "9.18"]
[White "Nitin, S.."]
[Black "Kavinda, Akila"]
[Result "0-1"]
[WhiteElo "2361"]
[BlackElo "2029"]
[Annotator "NA"]
[PlyCount "108"]
[EventDate "2019.09.22"]
[EventType "swiss"]
[EventCountry "IND"]
[SourceTitle "playchess.com"]
[Source "ChessBase"]
[SourceQuality "1"]
[TimeControl "5400+30"]

1. e4 {[%emt 0:00:08]} c5 {[%emt 0:00:00]} 2. Nf3 {[%emt 0:00:23]} Nf6 {[%emt 0:00:00]} 3. d3 {[%emt 0:02:54]} Nc6 {[%emt 0:00:41]} 4. g3 {[%emt 0:01:38]} d5 {[%emt 0:00:34]} 5. Nbd2 {[%emt 0:00:10]} Bg4 {[%emt 0:01:28]} 6. Bg2 {[%emt 0:02:48]} e6 {[%emt 0:04:33]} 7. O-O {[%emt 0:00:28]} Be7 {[%emt 0:00:11]} 8. h3 {[%emt 0:00:08]} Bh5 {[%emt 0:06:33]} 9. c3 {[%emt 0:04:00]} O-O {[%emt 0:01:08]} 10. g4 {[%emt 0:00:24]} Bg6 {[%emt 0:00:05]} 11. Nh4 {[%emt 0:01:06]} dxe4 {[%emt 0:01:10]} 12. Nxg6 {[%emt 0:00:21]} hxg6 {[%emt 0:00:27]} 13. dxe4 {[%emt 0:00:15]} g5 {[%emt 0:09:36]} 14. Nc4 {[%emt 0:02:18]} Nd7 {[%emt 0:11:01]} 15. f4 {[%emt 0:01:35]} gxf4 {[%emt 0:06:02]} 16. Bxf4 {[%emt 0:00:12]} b5 {[%emt 0:10:02]} 17. e5 {[%emt 0:02:33]} Rc8 {[%emt 0:02:23]} 18. Nd6 {[%emt 0:01:03]} Bxd6 {[%emt 0:01:21]} 19. exd6 {[%emt 0:10:41]} c4 {[%emt 0:11:17]} 20. g5 {[%emt 0:04:26]} Qb6+ {[%emt 0:07:25]} 21. Kh1 {[%emt 0:01:49]} Nce5 {[%emt 0:02:24]} 22. Qh5 {[%emt 0:04:28]} Ng6 {[%emt 0:18:32]} 23. Bg3 {[%emt 0:04:52]} Nde5 {[%emt 0:02:18]} 24. Rad1 {[%emt 0:17:49]} Nd3 {[%emt 0:00:48]} 25. Rxf7 {[%emt 0:01:55]} Rxf7 {[%emt 0:00:38]} 26. Qxg6 {[%emt 0:00:05]} Qe3 {[%emt 0:01:28]} 27. Kh2 {[%emt 0:04:49]} Nf4 {[%emt 0:00:49]} 28. Bxf4 {[%emt 0:00:33]} Qxf4+ {[%emt 0:00:23]} 29. Kh1 {[%emt 0:00:01]} Qf5 {[%emt 0:00:30]} 30. Qh5 {[%emt 0:00:01]} g6 {[%emt 0:00:13]} 31. Qh4 {[%emt 0:00:42]} Qc2 {[%emt 0:00:49]} 32. Qg4 {[%emt 0:01:28]} Qf5 {[%emt 0:00:30]} 33. Qh4 {[%emt 0:01:13]} Qc2 {[%emt 0:00:04]} 34. Re1 {[%emt 0:00:17]} Rcf8 {[%emt 0:00:45]} 35. Qg4 {[%emt 0:03:30]} Kh7 {[%emt 0:00:47]} 36. d7 {[%emt 0:01:50]} Rxd7 {[%emt 0:00:26]} 37. Be4 {[%emt 0:00:01]} Qd2 {[%emt 0:00:32]} 38. Qh5+ {[%emt 0:00:02]} Kg8 {[%emt 0:00:07]} 39. Qxg6+ {[%emt 0:00:02]} Kh8 {[%emt 0:00:52]} 40. Qh6+ {[%emt 0:00:05]} Kg8 {[%emt 0:00:04]} 41. Qxe6+ {[%emt 0:00:06]} Kh8 {[%emt 0:00:15]} 42. Bg2 {[%emt 0:02:57]} Qd6 {[%emt 0:01:09]} 43. Qg4 {[%emt 0:00:01]} Re7 {[%emt 0:00:30]} 44. Rd1 {[%emt 0:00:06]} Qf4 {[%emt 0:00:22]} 45. Qxf4 {[%emt 0:02:12]} Rxf4 {[%emt 0:00:05]} 46. Kh2 Re3 {[%emt 0:00:37]} 47. Rd7 {[%emt 0:02:31]} Rf2 {[%emt 0:00:28]} 48. Rd4 {[%emt 0:00:41]} Ree2 {[%emt 0:00:30]} 49. Rg4 {[%emt 0:00:03]} Rxb2 {[%emt 0:00:04]} 50. a3 {[%emt 0:00:12]} a5 {[%emt 0:00:21]} 51. g6 {[%emt 0:00:47]} Rxg2+ {[%emt 0:00:51]} 52. Rxg2 {[%emt 0:00:04]} Rxg2+ {[%emt 0:00:02]} 53. Kxg2 {[%emt 0:00:03]} b4 {[%emt 0:00:04]} 54. cxb4 {[%emt 0:00:03]} c3 {[%emt 0:00:06]} 0-1